La Transhumance - Paroles - Statistiques

Statistiques générales
  • Ce quiz a été pris 6 fois
  • Le résultat moyen est 379 sur 455
Statistiques - réponses
Réponse % Correct
à
100%
a
100%
A
100%
ai
100%
amour
100%
arrive
100%
Aspin
100%
au
100%
avait
100%
badine
100%
berger
100%
blé
100%
chaque
100%
chemin
100%
col
100%
Comme
100%
comme
100%
conduis
100%
cul
100%
d
100%
Dans
100%
dans
100%
de
100%
De
100%
des
100%
dieu »
100%
dit
100%
dors »
100%
du
100%
En
100%
en
100%
est
100%
Et
100%
et
100%
fait
100%
faites
100%
farine. »
100%
femme
100%
haut
100%
il
100%
j
100%
J
100%
Je
100%
je
100%
joué
100%
l
100%
la
100%
La
100%
là,
100%
le
100%
long
100%
m
100%
Ma
100%
Me
100%
« Meunier,
100%
meunière
100%
Mon
100%
mon
100%
n
100%
on
100%
On
100%
par
100%
pauvre
100%
« Pendant
100%
pensé
100%
peut! »
100%
Pour
100%
Qu
100%
qu
100%
Que
100%
que
100%
Qui
100%
rencontre
100%
s
100%
sa
100%
sac
100%
solitaire
100%
sur
100%
ta
100%
tête
100%
troupeau
100%
trouve
100%
trouvé
100%
tu
100%
un
100%
va
100%
village.
100%
« Vous
100%
y
100%
« aïe! »
67%
aperçois
67%
beaux
67%
bruit
67%
ça
67%
cabane
67%
Car
67%
carotte
67%
carottes
67%
cols,
67%
comtesse
67%
culotte.
67%
délire.
67%
Elle
67%
elle
67%
était
67%
faire
67%
garde
67%
hauts
67%
hôtel
67%
joli
67%
jupon
67%
Lahitte-Toupière
67%
les
67%
Les
67%
lorsque
67%
lui
67%
Madame
67%
margotte
67%
mène
67%
mes
67%
moi
67%
moutons
67%
noblesse.
67%
nouveau
67%
offre
67%
« Oh!
67%
ouailles.
67%
paître
67%
pas
67%
pâturages
67%
plus
67%
pont
67%
Pouyastruc
67%
quartiers
67%
quel
67%
répondu
67%
rire.
67%
sacristie
67%
sans
67%
Ses
67%
son
67%
sonnailles
67%
spectacle!
67%
transhumance
67%
traversant
67%
trois
67%
trompée
67%
truc
67%
Vers
67%
veut
67%
Accroupie
33%
amours
33%
Artagnan
33%
Asté
33%
Aussi
33%
autres
33%
Bagnères
33%
belle
33%
burettes
33%
Campan,
33%
chambre
33%
châtelaine
33%
chez
33%
compris
33%
curé…
33%
Destarac
33%
détails,
33%
dévotion
33%
enfin
33%
entre
33%
étais
33%
fille
33%
goupillon.
33%
Gouvernante
33%
hospitalière.
33%
hôtelière
33%
improviste
33%
jambes
33%
labrit
33%
manières.
33%
mélèzes.
33%
même
33%
mettre
33%
noblement
33%
Orignac
33%
parenthèses…
33%
passer
33%
Payolle
33%
Plaisance.
33%
« pourguer »
33%
Quand
33%
quand
33%
Quitte
33%
retrouve
33%
rêve
33%
reviendra
33%
sous
33%
tabernacle
33%
tour
33%
Vielle-Adour
33%
Zoé,
33%
avec
0%
inaugurait
0%
passion,
0%
premier
0%
saison
0%
touriste.
0%
Aucun quiz correspondant
Distribution des résultats
% des personnes avec chaque résultat
Percentile par nombre de réponses
Votre historique - résultats
Vous n’avez pas pris ce quiz